000 00810cab a2200205 4500
001 ABS40733
008 090401t1989 xxu||||| |||| 00| 0 eng d
035 _a(Sirsi) u25787
041 _aeng
100 _aCoomber, M.
245 _aWaiting for the bus
260 _c1989
350 _a0
490 _aBuilding
_v254(7596) 5 May 1989, 65(1)
520 _aGeneral Electric in association with Sony, Toshiba and Matsushita have joined forces to develop a microchip system which allows individual electronic appliances to be controlled remotely through the mains wiring system. The Consumer Electronic Bus , overcomes the problem of incompatible switchgear in building energy management systems .
650 _aBEMS
690 _aBUILDING AND CONSTRUCTION-COMPUTERS
942 _n0
948 _c04/03/1997
999 _c17330
_d17330